[Event "26e tournoi 1hKO"]
[Site "Montigny le Bretonneux"]
[Date "2024.05.12"]
[Round "9.6"]
[White "Lim, Chin"]
[Black "Bordier, Hugo"]
[Result "1-0"]
[WhiteElo "1914"]
[BlackElo "1693"]
[Annotator "Rivier,Sylvain"]
[PlyCount "101"]
[EventDate "2024.??.??"]
[WhiteTeam "La Dame Noire"]
[BlackTeam "Echiquier de la Butte"]

{Gambit dame, variante d'échange} 1. d4 d5 2. c4 e6 3. Nc3 Nf6 4. cxd5 exd5 5.
Bg5 c6 6. Qc2 Bd6 7. e3 O-O 8. Bd3 h6 9. Bh4 Re8 10. Nge2 Be6 11. O-O Nbd7 12.
f3 Qc7 13. Bg3 Nb6 14. b3 a6 15. e4 Bxg3 16. Nxg3 Rac8 17. e5 Nfd7 18. b4 Nc4
19. Bxc4 dxc4 20. Nce4 Rcd8 21. Nd6 Rf8 22. Nge4 b5 23. f4 Bd5 24. Nc5 Nxc5 25.
bxc5 f6 26. f5 fxe5 27. dxe5 Qa7 28. Qf2 Qe7 29. Rae1 Qg5 30. Qg3 Qxg3 31. hxg3
Rd7 32. g4 Re7 33. g3 b4 34. Rf4 b3 35. axb3 cxb3 36. e6 Rb8 37. Rb1 a5 38. Kf2
Ra7 39. Ra4 Kf8 40. Rb2 Rb4 41. Rxb4 axb4 42. Re2 b2 43. Rxb2 Ra2 44. Rxa2 Bxa2
45. Ke3 Bd5 46. Ne4 b3 47. Nd2 b2 48. Kd3 Ba2 49. Kc2 b1=Q+ 50. Nxb1 Bd5 51.
Nd2 {suite non notée} 1-0

[Event "26e tournoi 1hKO"]
[Site "Montigny le Bretonneux"]
[Date "2024.05.12"]
[Round "9.7"]
[White "Baysse, Nathan"]
[Black "Corbeau, Lou"]
[Result "1/2-1/2"]
[WhiteElo "1601"]
[BlackElo "1445"]
[Annotator "Rivier,Sylvain"]
[PlyCount "79"]
[EventDate "2024.??.??"]
[WhiteTeam "La Dame Noire"]
[BlackTeam "Nogent le Roi"]

{Défense française, variante d'échange} 1. e4 e6 2. Nf3 d5 3. exd5 exd5 4.
d4 Nf6 5. h3 Bd6 6. Bd3 O-O 7. O-O Be6 8. Bg5 Nbd7 9. Nc3 c6 10. Re1 Qc7 11.
Qd2 h6 12. Be3 Nh5 13. Ne2 c5 14. c3 c4 15. Bc2 Nhf6 16. Nf4 Rae8 17. Nxe6 Rxe6
18. a3 Ne4 19. Qd1 Ndf6 20. Nd2 Bf4 21. Nxe4 Nxe4 22. Qf3 Bxe3 23. Qxe3 Rfe8
24. Bxe4 Rxe4 25. Qd2 Qe7 26. Rxe4 Qxe4 27. Kf1 Re6 28. Re1 Qxe1+ 29. Qxe1
Rxe1+ 30. Kxe1 Kh7 31. Kd2 f5 32. Ke3 g5 33. h4 Kg6 34. hxg5 hxg5 35. g3 Kh5
36. Kf3 a6 37. a4 a5 38. Kg2 f4 39. f3 Kg6 40. g4 1/2-1/2

[Event "26e tournoi 1hKO"]
[Site "Montigny le Bretonneux"]
[Date "2024.05.12"]
[Round "9.8"]
[White "Couradin, Bruno"]
[Black "Pelletier, Sylvain"]
[Result "0-1"]
[WhiteElo "1579"]
[BlackElo "1598"]
[Annotator "Rivier,Sylvain"]
[PlyCount "56"]
[EventDate "2024.??.??"]
[WhiteTeam "La Dame Noire"]
[BlackTeam "Club d'Echecs de Guyancourt"]

{Défense sicilienne, variante Rossolimo} 1. e4 c5 2. Nf3 g6 3. Nc3 Nc6 4. d3
Bg7 5. Be2 Nf6 6. O-O O-O 7. e5 Ng4 8. Bf4 Ngxe5 9. Nxe5 Bxe5 10. Bh6 Bg7 11.
Qd2 d5 12. Bf3 e6 13. Rfe1 Nd4 14. Be2 Bxh6 15. Qxh6 Nxc2 16. Rac1 Nxe1 17.
Rxe1 Bd7 18. Bf3 Rc8 19. Ne2 Qf6 20. b3 Bb5 21. Rd1 c4 22. dxc4 dxc4 23. bxc4
Rxc4 24. Bxb7 Rc2 25. Nf4 Rxa2 26. Bf3 Ra1 27. h3 Rxd1+ 28. Bxd1 Qa1 0-1

[Event "26e tournoi 1hKO"]
[Site "Montigny le Bretonneux"]
[Date "2024.05.12"]
[Round "9.9"]
[White "Goujon, Antoine"]
[Black "Spinos, Steven"]
[Result "1-0"]
[WhiteElo "1762"]
[BlackElo "1573"]
[Annotator "Rivier,Sylvain"]
[PlyCount "55"]
[EventDate "2024.??.??"]
[WhiteTeam "CE Le Roi Soleil - Le Chesnay - Versailles"]
[BlackTeam "La Tour de Mantes"]

{Partie du pion dame} 1. d4 d5 2. Nc3 Nf6 3. Bf4 a6 4. e3 e6 5. Bd3 Bd6 6. Nf3
Bxf4 7. exf4 Nfd7 8. O-O f6 9. Re1 Kf7 10. f5 Re8 11. fxe6+ Rxe6 12. Rxe6 Kxe6
13. Qe2+ Kf7 14. Nxd5 Nf8 15. Re1 Ne6 16. Bc4 Kf8 17. Qe4 g6 18. Nxf6 Qxf6 19.
Bxe6 Bxe6 20. Qxb7 Bd5 21. Qxd5 Nc6 22. Re6 Qf4 23. Qxc6 Kf7 24. Qxa8 Kxe6 25.
Qxa6+ Ke7 26. Qa3+ Kf6 27. Qe3 Qd6 28. Qe5+ 1-0

[Event "26e tournoi 1hKO"]
[Site "Montigny le Bretonneux"]
[Date "2024.05.12"]
[Round "9.10"]
[White "Alluch Abdellach, Nordin"]
[Black "Corbillet, Mathieu"]
[Result "1-0"]
[WhiteElo "1638"]
[BlackElo "1699"]
[Annotator "Rivier,Sylvain"]
[PlyCount "99"]
[EventDate "2024.??.??"]
[WhiteTeam "Saint-Quentin en Yvelines"]
[BlackTeam "La Dame Noire"]

{Gambit dame} 1. d4 d5 2. Nf3 Nc6 3. c4 Bf5 4. a3 e6 5. e3 Nf6 6. Nc3 a6 7. b4
Ne4 8. Bb2 Nxc3 9. Bxc3 dxc4 10. Bxc4 b5 11. Be2 Be7 12. O-O O-O 13. Rc1 Bd6
14. Qb3 Ne7 15. Rfd1 Be4 16. Ne5 Bd5 17. Qc2 f6 18. Nd3 Qe8 19. Nc5 Bxc5 20.
dxc5 Qg6 21. f3 Rad8 22. e4 Bc6 23. Qb3 f5 24. exf5 Nxf5 25. Be5 Bd5 26. Qc3 c6
27. Re1 Nh4 28. Bg3 Nf5 29. Be5 h5 30. Kh1 Qg5 31. Rg1 Rf7 32. f4 Qh4 33. Rcd1
Qf2 34. Bf3 Nh4 35. Bxd5 Rxd5 36. Rdf1 Qd2 37. Qh3 Nf5 38. Qxh5 Qd3 39. Rf3 Qc2
40. Rh3 Nh6 41. Rc3 Qe4 42. Rg3 Kh7 43. Rf3 Rf5 44. Qe8 Rd3 45. Rxd3 Qxd3 46.
Qxe6 Ng4 47. h3 Nf2+ 48. Kh2 Ng4+ 49. hxg4 Qd8 50. g3 1-0

[Event "26e tournoi 1hKO"]
[Site "Montigny le Bretonneux"]
[Date "2024.05.12"]
[Round "9.11"]
[White "Fasquelle, Yann"]
[Black "Guerillon, Sylvain"]
[Result "0-1"]
[WhiteElo "1569"]
[BlackElo "1687"]
[Annotator "Rivier,Sylvain"]
[PlyCount "48"]
[EventDate "2024.??.??"]
[WhiteTeam "Saint-Quentin en Yvelines"]
[BlackTeam "Club d'Echecs de Triel sur Seine"]

{Défense sicilienne} 1. e4 c5 2. Nf3 Nc6 3. d4 cxd4 4. Nxd4 d6 5. Be3 e5 6.
Nb3 Nf6 7. f3 Be7 8. Nc3 O-O 9. Qd2 a5 10. Bb5 Bd7 11. Na4 Na7 12. Bxd7 Nxd7
13. Nxa5 Nb5 14. Nxb7 Qb8 15. Nxd6 Nxd6 16. Nc3 Qxb2 17. O-O Nc4 18. Qxd7 Nxe3
19. Nd5 Bc5 20. Nxe3 Bxe3+ 21. Kh1 Rfd8 22. Rab1 Qxc2 23. Rb7 Rxd7 24. Rxd7 g6
0-1

[Event "26e tournoi 1hKO"]
[Site "Montigny le Bretonneux"]
[Date "2024.05.12"]
[Round "9.12"]
[White "Meddour, Ithri"]
[Black "Branson, James"]
[Result "1/2-1/2"]
[WhiteElo "1563"]
[BlackElo "1680"]
[Annotator "Rivier,Sylvain"]
[PlyCount "81"]
[EventDate "2024.??.??"]
[WhiteTeam "Saint-Quentin en Yvelines"]
[BlackTeam "Club d'Echecs de Guyancourt"]

{Partie du pion dame} 1. Nf3 d5 2. d4 Nf6 3. Bf4 c5 4. e3 e6 5. c3 Nc6 6. Nbd2
Bd7 7. Ne5 Qb6 8. Qb3 Qxb3 9. axb3 b6 10. Bg5 Be7 11. Bxf6 gxf6 12. Nxd7 Kxd7
13. Bb5 Kc7 14. Bxc6 Kxc6 15. Ke2 a5 16. c4 Rhg8 17. g3 cxd4 18. exd4 Rg4 19.
f4 h5 20. Rag1 Rag8 21. Nf1 h4 22. h3 R4g7 23. g4 Bd6 24. Kf3 e5 25. fxe5 fxe5
26. cxd5+ Kd7 27. Ne3 Rg6 28. Ke4 exd4 29. Nf5 Bc5 30. Rd1 Re8+ 31. Kd3 Rf6 32.
Nxd4 Rf2 33. Rhf1 Bxd4 34. Kxd4 Ree2 35. Rxf2 Rxf2 36. Kc3 Kd6 37. Rd2 Rxd2 38.
Kxd2 f6 39. Ke3 Kxd5 40. Kf4 Ke6 41. Ke4 1/2-1/2

[Event "26e tournoi 1hKO"]
[Site "Montigny le Bretonneux"]
[Date "2024.05.12"]
[Round "9.13"]
[White "El Ghak, Karim"]
[Black "Carbonero, Jean Marc"]
[Result "1-0"]
[WhiteElo "1199"]
[BlackElo "1299"]
[Annotator "Rivier,Sylvain"]
[PlyCount "67"]
[EventDate "2024.??.??"]
[WhiteTeam "La Dame Noire"]
[BlackTeam "Saint-Quentin en Yvelines"]

{Partie du pion dame} 1. d4 d5 2. Bf4 Nf6 3. e3 g6 4. Be2 Bg7 5. Nf3 O-O 6. h3
Ne4 7. Nbd2 c5 8. c3 Nxd2 9. Qxd2 cxd4 10. exd4 Nc6 11. O-O Re8 12. Rfe1 f5 13.
Bb5 Bd7 14. Qe2 a6 15. Bxc6 bxc6 16. Ne5 e6 17. Qe3 Ra7 18. Bg5 Qb6 19. Re2 Rf8
20. h4 Bf6 21. Bxf6 Rxf6 22. Qg5 Kg7 23. h5 Qd8 24. hxg6 h6 25. Qf4 Be8 26. Re3
Bxg6 27. Nxc6 Qb6 28. Nxa7 Qxa7 29. Rae1 Qf7 30. Rh3 h5 31. Qg5 Qe7 32. Rxh5
Qf7 33. Qh6+ Kg8 34. Qh8# 1-0

[Event "26e tournoi 1hKO"]
[Site "Montigny le Bretonneux"]
[Date "2024.05.12"]
[Round "9.14"]
[White "Elie, Nicolas"]
[Black "Bouloc, Roger"]
[Result "0-1"]
[WhiteElo "1009"]
[BlackElo "1567"]
[Annotator "Rivier,Sylvain"]
[PlyCount "94"]
[EventDate "2024.??.??"]
[WhiteTeam "Club d'Echecs de Guyancourt"]
[BlackTeam "La Dame Noire"]

{Défense sicilienne, attaque Canal-Sokolsky} 1. e4 c5 2. Nf3 d6 3. Bb5+ Bd7 4.
c4 a6 5. Bxd7+ Qxd7 6. Nc3 b5 7. d3 b4 8. Nd5 Qc6 9. Be3 e6 10. Nf4 Nd7 11. O-O
Be7 12. Rc1 Ngf6 13. Qc2 e5 14. Nd5 Nxd5 15. exd5 Qb7 16. Qa4 O-O 17. a3 Nf6
18. Bd2 a5 19. Ne1 e4 20. b3 exd3 21. Nxd3 Qd7 22. Qxd7 Nxd7 23. Ra1 Bf6 24.
Ra2 a4 25. axb4 axb3 26. Rxa8 Rxa8 27. Re1 Ne5 28. Nxe5 Bxe5 29. bxc5 b2 30.
cxd6 Bxd6 31. Bc3 Bb4 32. Bxb4 Ra1 33. h3 Rxe1+ 34. Kh2 Rd1 35. c5 Rxd5 36. c6
Rd8 37. c7 Rc8 38. Bd6 b1=Q 39. g4 Qb6 40. f4 Qxd6 41. Kg3 g5 42. h4 Qxf4+ 43.
Kh3 Rxc7 44. h5 Rc3+ 45. Kg2 Qf3+ 46. Kh2 Qg3+ 47. Kh1 Rc1# 0-1

[Event "26e tournoi 1hKO"]
[Site "Montigny le Bretonneux"]
[Date "2024.05.12"]
[Round "9.15"]
[White "Adsul, Tanush"]
[Black "Tanchoux, Pierre"]
[Result "0-1"]
[WhiteElo "1199"]
[BlackElo "1547"]
[Annotator "Rivier,Sylvain"]
[PlyCount "96"]
[EventDate "2024.??.??"]
[WhiteTeam "La Dame Noire"]
[BlackTeam "La Dame Noire"]

{Défense moderne} 1. e4 g6 2. Nf3 d6 3. Nc3 Bg7 4. h3 Nd7 5. Bc4 a6 6. d4 b5
7. Bb3 c5 8. Ng5 c4 9. Qf3 Ngf6 10. e5 dxe5 11. Qxa8 O-O 12. Qa7 cxb3 13. axb3
exd4 14. Qxd4 Bb7 15. O-O e5 16. Qe3 Qc7 17. Re1 Qc6 18. Qf3 Qc7 19. Qg3 Nh5
20. Qh4 h6 21. Nge4 Qc6 22. f3 f5 23. Ng3 Bf6 24. Qxh5 gxh5 25. Nxh5 Bg5 26.
Bxg5 hxg5 27. Ng3 g4 28. Rf1 gxh3 29. gxh3 Qg6 30. Kh2 f4 31. Nge2 Kh7 32. Rad1
Bc6 33. Ne4 Rg8 34. Rg1 Qf5 35. Rxg8 Kxg8 36. Rg1+ Kf8 37. Rg5 Qe6 38. h4 Bxe4
39. fxe4 Nf6 40. h5 Nxe4 41. Rg6 Qf5 42. Rh6 Kg7 43. Rg6+ Kh7 44. Rxa6 Qxh5+
45. Kg2 Qxe2+ 46. Kh3 Qf3+ 47. Kh4 Qg3+ 48. Kh5 Qg5# 0-1

[Event "26e tournoi 1hKO"]
[Site "Montigny le Bretonneux"]
[Date "2024.05.12"]
[Round "9.16"]
[White "Zoubko, Kyril"]
[Black "Ancey, Remi"]
[Result "1-0"]
[WhiteElo "1199"]
[BlackElo "1483"]
[Annotator "Rivier,Sylvain"]
[PlyCount "73"]
[EventDate "2024.??.??"]
[WhiteTeam "La Dame Noire"]
[BlackTeam "Club d'Echecs de Triel sur Seine"]

{Partie des quatre cavaliers, variante écossaise} 1. e4 e5 2. Nf3 Nc6 3. Nc3
Bc5 4. a3 Nf6 5. Nxe5 Nxe5 6. d4 Bd6 7. dxe5 Bxe5 8. Bc4 O-O 9. O-O b6 10. f4
Bxc3 11. Qd3 Bd4+ 12. Kh1 Bc5 13. e5 Rb8 14. exf6 Qxf6 15. Bb3 Bb7 16. Qg3 Rfe8
17. Bd2 d5 18. f5 h6 19. Bf4 Bd6 20. Bxd6 cxd6 21. c3 Re5 22. Qd3 d4 23. cxd4
Re7 24. Rae1 Rxe1 25. Rxe1 Qg5 26. d5 Bc8 27. Re8+ Kh7 28. Bc2 g6 29. fxg6+
fxg6 30. Qe2 h5 31. Qe7+ Qxe7 32. Rxe7+ Kh6 33. Re8 Ra8 34. Rg8 Bb7 35. Rxg6+
Kh7 36. Rxd6+ Kg7 37. Rd7+ 1-0

[Event "26e tournoi 1hKO"]
[Site "Montigny le Bretonneux"]
[Date "2024.05.12"]
[Round "9.17"]
[White "Berhaut, Antoine"]
[Black "Badjate, Nishchal"]
[Result "0-1"]
[WhiteElo "1009"]
[BlackElo "1199"]
[Annotator "Rivier,Sylvain"]
[PlyCount "68"]
[EventDate "2024.??.??"]
[WhiteTeam "Club d'Echecs de Guyancourt"]
[BlackTeam "La Dame Noire"]

{Défense Pirc} 1. e4 d6 2. d4 g6 3. Nf3 Nd7 4. Bb5 a6 5. Ba4 b5 6. Bb3 Bb7 7.
e5 Bg7 8. exd6 cxd6 9. O-O Ngf6 10. Bg5 h6 11. Bxf6 Bxf6 12. Nc3 O-O 13. Bd5
Bxd5 14. Nxd5 Bg7 15. a4 bxa4 16. Rxa4 Re8 17. Qd3 Qc8 18. c3 e5 19. dxe5 Nxe5
20. Nxe5 Rxe5 21. Nb6 Qg4 22. Nxa8 Qxa4 23. Qxd6 Re2 24. Qb8+ Re8 25. Qb7 a5
26. Nb6 Qb3 27. h3 Qxb2 28. c4 Bd4 29. Qc7 Bxb6 30. Qd7 Re2 31. Qc8+ Kh7 32.
Kh2 Rxf2 33. Re1 Rxg2+ 34. Kh1 Rh2# 0-1

[Event "26e tournoi 1hKO"]
[Site "Montigny le Bretonneux"]
[Date "2024.05.12"]
[Round "9.18"]
[White "Gabory, Donatien"]
[Black "Orfila, Leila"]
[Result "0-1"]
[WhiteElo "1009"]
[BlackElo "1009"]
[Annotator "Rivier,Sylvain"]
[PlyCount "23"]
[EventDate "2024.??.??"]
[WhiteTeam "Club d'Echecs de Guyancourt"]
[BlackTeam "Club d'Echecs de Guyancourt"]

{Défense des deux cavaliers} 1. e4 e5 2. Nf3 Nc6 3. Bc4 Nf6 4. O-O Nxe4 5. d3
Na5 6. Bg5 f6 7. Be3 Bd6 8. Nc3 Kf8 9. Re1 b6 10. Bd5 Bb7 11. b4 c6 12. Nd2 {
suite illisible} 0-1

[Event "26e tournoi 1hKO"]
[Site "Montigny le Bretonneux"]
[Date "2024.05.12"]
[Round "9.19"]
[White "El Yaalaoui, Asiya"]
[Black "Orfila, Hugo"]
[Result "1-0"]
[WhiteElo "1099"]
[BlackElo "1009"]
[Annotator "Rivier,Sylvain"]
[PlyCount "35"]
[EventDate "2024.??.??"]
[WhiteTeam "Club d'Echecs de Guyancourt"]
[BlackTeam "Club d'Echecs de Guyancourt"]

{Partie italienne} 1. e4 e5 2. Nf3 Nc6 3. Nc3 Bc5 4. Bc4 Nf6 5. d3 O-O 6. Bg5
d6 7. O-O Bg4 8. Nd5 Nd4 9. Nxf6+ gxf6 10. Bh6 Re8 11. Bd5 Nxf3+ 12. gxf3 Bh3
13. Re1 Bd4 14. Kh1 Bxb2 15. Rb1 Bc3 16. Rg1+ Kh8 17. Bxf7 Bd4 18. Bg7# 1-0

[Event "26e tournoi 1hKO"]
[Site "Montigny le Bretonneux"]
[Date "2024.05.12"]
[Round "9.20"]
[White "Hellal, Ayoub"]
[Black "Gabory, Clement"]
[Result "0-1"]
[WhiteElo "1009"]
[BlackElo "1009"]
[Annotator "Rivier,Sylvain"]
[PlyCount "58"]
[EventDate "2024.??.??"]
[WhiteTeam "La Dame Noire"]
[BlackTeam "Club d'Echecs de Guyancourt"]

{Partie italienne} 1. e4 e5 2. Nf3 Nc6 3. Nc3 Bc5 4. Bc4 Nf6 5. O-O O-O 6. d3
d6 7. Bg5 Be6 8. Nd5 Bxd5 9. Bxd5 Qd7 10. c4 Nxd5 11. exd5 Ne7 12. Qb3 Nf5 13.
Qxb7 h6 14. Bd2 Ne7 15. Ba5 Qg4 16. Qxc7 Bxf2+ 17. Rxf2 Ng6 18. Qxd6 Rfe8 19.
Qc6 Nh4 20. Nxh4 Qxh4 21. Bc7 e4 22. Rf4 Qg5 23. Rxe4 Rxe4 24. Qxa8+ Kh7 25. d6
Qe3+ 26. Kf1 Qf4+ 27. Kg1 Re2 28. d7 Qe3+ 29. Kf1 Qf2# 0-1